What kind of creatures are we? / (Record no. 592946)

000 -LEADER
fixed length control field 01040cam a22003018i 4500
001 - CONTROL NUMBER
control field 18739086
003 - CONTROL NUMBER IDENTIFIER
control field NUST
005 - DATE AND TIME OF LATEST TRANSACTION
control field 20230118124548.0
008 - FIXED-LENGTH DATA ELEMENTS--GENERAL INFORMATION
fixed length control field 150811s2015 nyu b 001 0 eng
010 ## - LIBRARY OF CONGRESS CONTROL NUMBER
LC control number 2015021707
020 ## - INTERNATIONAL STANDARD BOOK NUMBER
International Standard Book Number 9780231175968 (cloth : alk. paper)
020 ## - INTERNATIONAL STANDARD BOOK NUMBER
Canceled/invalid ISBN 9780231540926 (e-book)
040 ## - CATALOGING SOURCE
Original cataloging agency DLC
Language of cataloging eng
Transcribing agency DLC
Description conventions rda
042 ## - AUTHENTICATION CODE
Authentication code pcc
050 00 - LIBRARY OF CONGRESS CALL NUMBER
Classification number P106
Item number .C46 2016
082 00 - DEWEY DECIMAL CLASSIFICATION NUMBER
Classification number 401,CHO
Edition number 23
100 1# - MAIN ENTRY--PERSONAL NAME
Personal name Chomsky, Noam,
Relator term author.
9 (RLIN) 22959
245 10 - TITLE STATEMENT
Title What kind of creatures are we? /
Statement of responsibility, etc. Noam Chomsky.
264 #1 - PRODUCTION, PUBLICATION, DISTRIBUTION, MANUFACTURE, AND COPYRIGHT NOTICE
Place of production, publication, distribution, manufacture New York :
Name of producer, publisher, distributor, manufacturer Columbia University Press,
Date of production, publication, distribution, manufacture, or copyright notice [2016]
300 ## - PHYSICAL DESCRIPTION
Extent xxiv, 167 pages ;
Dimensions 19 cm
336 ## - CONTENT TYPE
Content type term text
Source rdacontent
337 ## - MEDIA TYPE
Media type term unmediated
Source rdamedia
338 ## - CARRIER TYPE
Carrier type term volume
Source rdacarrier
490 0# - SERIES STATEMENT
Series statement Columbia Themes in Philosophy
505 0# - FORMATTED CONTENTS NOTE
Formatted contents note What is language? (Page-1), what can we understand? Page-27), What is the common good? (Page-59), The mysteries of nature: How deeply hidden? (Page-81).
650 #0 - SUBJECT ADDED ENTRY--TOPICAL TERM
Topical term or geographic name entry element Language and languages
General subdivision Philosophy.
9 (RLIN) 106972
942 ## - ADDED ENTRY ELEMENTS (KOHA)
Source of classification or shelving scheme
Koha item type Book
Call number prefix 401,CHO
Holdings
Withdrawn status Lost status Source of classification or shelving scheme Damaged status Not for loan Permanent Location Current Location Shelving location Date acquired Total Checkouts Full call number Barcode Date last seen Price effective from Koha item type Public note
          Military College of Signals (MCS) Military College of Signals (MCS) General Stacks 01/18/2023   401,CHO MCS37602 01/18/2023 01/18/2023 Book Almirah No.54, Shelf No.5
© 2023 Central Library, National University of Sciences and Technology. All Rights Reserved.